STN EN ISO 14122-2: 2018 (83 3102), Bezpečnosť strojov. Stabilné prostriedky na prístup k strojom Časť 2 Pracovné plošiny a chodníky (ISO 14122-2: 2016)
Táto norma je slovenskou verziou európskej normy EN ISO 14122-2: 2016. Preklad zabezpečil Úrad pre normalizáciu, metrológiu a skúšobníctvo Slovenskej republiky. Táto norma má rovnaké postavenie, ako majú oficiálne verzie
| Corporate Author: | |
|---|---|
| Other Authors: | |
| Format: | Book |
| Language: | Slovak English |
| PhysicalDescription: | 20 s. obr., tab. 30 cm |
| Published: |
Bratislava
Úrad pre normalizáciu, metrológiu a skúšobníctvo Slovenskej republiky
2018
|
| Subjects: |
MARC
| LEADER | 00000cam a2200000 a 4500 | ||
|---|---|---|---|
| 001 | vtls011760690 | ||
| 003 | SK-MaSNL | ||
| 005 | 20260301183247.0 | ||
| 008 | 180606s2018 xo a f u 000 0 slo | ||
| 015 | |a SNBN2018 | ||
| 040 | |a SNK |b slo |c SNK |e AACR2 | ||
| 041 | 1 | |a slo |h eng | |
| 044 | |a xo |c SK | ||
| 046 | |a s |m 20180601 (účin.) | ||
| 072 | 7 | |a 62 |x Technika všeobecne |2 konspekt | |
| 072 | 7 | |a 331 |x Práca |2 konspekt | |
| 080 | |a 331.45 |2 2011 | ||
| 080 | |a 006.7/.8 |2 2001 | ||
| 080 | |a (437.6) |2 2001 | ||
| 080 | |a (4) |2 2001 | ||
| 080 | |a 62-1/-9 |2 2011 | ||
| 080 | |a (083) |2 2011 | ||
| 084 | |a 13.110 |2 ICS | ||
| 130 | 0 | |a STN 83 3102 (STN EN ISO 14122-2) |9 558297 | |
| 245 | 1 | 0 | |a STN EN ISO 14122-2: 2018 (83 3102), Bezpečnosť strojov. Stabilné prostriedky na prístup k strojom |n Časť 2 |p Pracovné plošiny a chodníky (ISO 14122-2: 2016) |
| 246 | 1 | 0 | |a Bezpečnosť strojov |
| 246 | 1 | 0 | |a Stabilné prostriedky na prístup k strojom |
| 246 | 1 | 0 | |a Pracovné plošiny a chodníky |
| 246 | 3 | 0 | |a EN ISO 14122-2: 2016 SK |
| 260 | |a Bratislava |b Úrad pre normalizáciu, metrológiu a skúšobníctvo Slovenskej republiky |c 2018 | ||
| 300 | |a 20 s. |b obr., tab. |c 30 cm | ||
| 500 | |a Súbežný názov v angličtine, francúzštine, nemčine | ||
| 500 | |a Spracovateľ: MIKONA-INFO Zvolen, Jaroslav Volčko | ||
| 500 | |a Táto norma nahrádza anglickú verziu STN EN ISO 14122-2 z decembra 2016, ktorá od 1.12.2016 nahradila STN EN ISO 14122-2 z decembra 2002 v celom rozsahu | ||
| 504 | |a Normatívne referenčné dokumenty, súvisiace právne predpisy s. 2 ; literatúra s. 19 | ||
| 520 | 8 | |a Táto norma je slovenskou verziou európskej normy EN ISO 14122-2: 2016. Preklad zabezpečil Úrad pre normalizáciu, metrológiu a skúšobníctvo Slovenskej republiky. Táto norma má rovnaké postavenie, ako majú oficiálne verzie | |
| 540 | |a STN vydané na akomkoľvek nosiči sa môžu rozmnožovať a rozširovať iba so súhlasom určenej právnickej osoby |b SÚTN Bratislava |c zákon 264/1999 Z. z. | ||
| 650 | 0 | 7 | |a stroje |2 SNKPH |9 3551 |
| 650 | 0 | 7 | |a bezpečnosť práce |2 SNKPH |9 1296 |
| 650 | 0 | 7 | |a Machines |2 SNKPHeng |9 268704 |
| 650 | 0 | 7 | |a Industrial safety |2 SNKPHeng |9 267226 |
| 650 | 0 | 7 | |a technické normy a štandardy |z Slovensko |2 SNKPH |9 79594 |
| 650 | 0 | 7 | |a technické normy a štandardy |z krajiny Európskej únie |2 SNKPH |9 289341 |
| 655 | 7 | |a normy |2 SNKPH |9 70643 | |
| 700 | 1 | |a Volčko, Jaroslav |4 trl |9 99320 | |
| 710 | 1 | |a Slovensko. |b Úrad pre normalizáciu, metrológiu a skúšobníctvo |4 stn |9 158117 | |
| 710 | 2 | |a MIKONA-INFO (Zvolen, Slovensko) |4 trl |9 313884 | |
| 852 | |a Štátna vedecká knižnica v Banskej Bystrici | ||
| 958 | |a OP | ||
| 958 | |a NB | ||
| 999 | |c 856360 |d 858290 | ||
| 952 | |a SNK |b SNK |y PREZ |7 0 |p 17A1331364 |o snkSTN EN ISO 14122-2 |i snk2018/12724 |8 0 |0 0 |1 0 |4 0 |d 2018-06-12 |l 0 |r 2026-02-24 04:57:12 |w 2026-02-24 | ||
| 952 | |a SNK |b SNK |y PREZ |7 0 |p 17A1331363 |o snkSTN EN ISO 14122-2 D1 |i snk2018/12725 |8 0 |0 0 |1 0 |4 0 |d 2018-06-12 |l 0 |r 2026-02-24 04:57:12 |w 2026-02-24 | ||


